000 00598nam a22002297a 4500
003 UA-OsUOA
001 66979
007 ta
008 20100208b un ||||| |||| 00| 0 ukr d
100 _aРуставели Ш.
090 _a821.161.2
_bР89
942 _cBK
040 _aUA-OsUOA
_bukr
_cUA-OsUOA
_dUA-OsUOA
245 _aВитязь в тигровой шкуре
300 _a288 с.
955 _a3
041 _aukr
080 _a821.161.2
260 _aМ.
_bПравда
_c1984
650 7 _a82 Література. Літературознавство
_2UDC
999 _c352915
_d352915